| 000 | 01551nam a22003135a 4500 | ||
|---|---|---|---|
| 003 | OSt | ||
| 005 | 20170228125921.0 | ||
| 008 | 170226s2010 ua frb 000 0 ara d | ||
| 015 | _a2010 / 2620 | ||
| 020 | _a9789770463586 | ||
| 040 |
_aEG-ScBUE _bara _cEG-ScBUE |
||
| 043 |
_af-ua--- _ae-fr--- |
||
| 082 | 0 | 4 |
_a346.020285 _bب ق ل _222 |
| 100 | 1 | _aبقلي، أيمن مصطفى. | |
| 245 | 1 | 2 |
_aالنظام القانوني لعقد الاشتراك في بنوك المعلومات الإلكترونية : _bدراسة تطبيقية مقارنة للتعاقد عبر الإنترنت / _cأيمن مصطفى البقلي. |
| 260 |
_aالقاهرة : _bدار النهضة العربية، _c2010. |
||
| 300 |
_a670 ص. ؛ _c24 سم. |
||
| 504 | _aيشتمل على إرجاعات ببليوجرافية. | ||
| 650 | 7 |
_aالعقود الإلكترونية _xقوانين وتشريعات _zمصر. _2BUEsh |
|
| 650 | 7 |
_aالعقود الإلكترونية _xقوانين وتشريعات _zفرنسا. _2BUEsh |
|
| 650 | 7 |
_aالإنترنت _xقوانين وتشريعات _zمصر. _2BUEsh |
|
| 650 | 7 |
_aالإنترنت _xقوانين وتشريعات _zفرنسا. _2BUEsh |
|
| 650 | 7 |
_aالتجارة الإلكترونية _xقوانين وتشريعات _zمصر. _2BUEsh |
|
| 650 | 7 |
_aالتجارة الإلكترونية _xقوانين وتشريعات _zفرنسا. _2BUEsh |
|
| 650 | 7 |
_aمراكز المعلومات _xقوانين وتشريعات _zمصر. _2BUEsh |
|
| 651 | _2BUEsh | ||
| 653 |
_bLLAAWW _cFebruary2017 |
||
| 942 | _2ddc | ||
| 999 |
_c24271 _d24243 |
||